000 00573nam a2200193Ia 4500
008 151119s9999||||xx |||||||||||||| ||und||
082 _a920.7
082 _bGKKV27909
100 _aआपराद आशा
245 _aभोगले जे दु:ख त्याला
260 _a--
260 _b--
260 _c2008
600 _aआपराद आशा
630 _aभोगले जे दु:ख त्याला
700 _aआपराद आशा
730 _aभोगले जे दु:ख त्याला
942 _cBOOK
999 _c1080329
_d1080326